000 00942nam a2200289Ia 4500
000 nam a22 i 4500
001 UNACH-8599
007 ta
008 221212s ||||fr|||| 00| | spa d
020 _a978-92-913706-4-1
041 0 _aspa
082 0 4 _a641.3
_bEmbalaje y empaque de alimentos
110 1 _aCentro de Comercio Internacional
245 1 0 _aEnvases y embalaje de alimentos.
264 3 1 _a[Ginebra] :
_aSuiza. :
_bCentro de comercio internacional.,
_c1999
300 _a264 páginas :
_bilustraciones y tablas
336 _atexto
_btxt
_2rdacontent
337 _ano mediado
_bn
_2rdamedia
338 _avolumen
_bnc
_2rdacarrier
505 0 _aPrefacio.-- Introducción.-- Materiales básicos para la manufactura de envases.-- El embalaje de transporte.
650 1 4 _aMETALES
650 2 4 _aFIBRAS TEXTILES
650 2 4 _aREQUERIMIENTOS
653 0 _aEmbalaje y empaque de alimentos
942 _2ddc
_c1
_n0
999 _c7004
_d7004